Távolból ; Napsugár a levegőben ; Futózápor

Bibliographic Details
Main Author: Weöres, Sándor, 1913-1989 (Author)
Other Authors: Balázsy, Géza, 1959- (Illustrator)
Format: Article
Language:Hungarian
Slovak
PhysicalDescription:Obr.
Subjects:

MARC

LEADER 00000nab a2200000 a 4500
001 vtls000843400
003 SK-MaSNL
005 20260305044642.0
008 160314c2003 xo 0 hun
015 |a SNBRB2003/06-17331 
035 |a CLN000195055 
040 |a SNKBUCL  |b slo  |c SNKBUCL  |e AACR2 
041 0 |a slo 
044 |a xo  |c SK 
080 |a 894.511-1(087.5)=945.11  |2 UDC-MRF-SK2 
100 1 |a Weöres, Sándor,  |d 1913-1989  |4 aut  |9 103329 
245 1 0 |a Távolból ; Napsugár a levegőben ; Futózápor  |c Weöres Sándor ; illusztrálta Balázsy Géza 
300 |b Obr. 
650 0 7 |a naratívne básne, maďarské  |2 snkbucl  |9 71242 
700 1 |a Balázsy, Géza,  |d 1959-  |4 ill  |9 88598 
773 0 |t Tücsök  |g Roč. 13, č. 9 (2003), s. 11 
850 |a Slovenská národná knižnica v Martine 
852 |a SNK  |b KIS3GCP 
958 |a HU 
958 |a LX 
958 |a DB 
958 |a RBX 
999 |c 3359839  |d 3361769